书目信息 |
| 题名: |
经济法概论
|
|
| 作者: | 彭启先 , 柳太平 主编 | |
| 分册: | ||
| 出版信息: | 重庆 重庆大学出版社 1999.06 |
|
| 页数: | 240页 | |
| 开本: | 32开 | |
| 丛书名: | ||
| 单 册: | ||
| 中图分类: | D922.29-43 | |
| 科图分类: | ||
| 主题词: | 法律--中国 | |
| 电子资源: | ||
| ISBN: | 7-5624-1722-9 | |
| 000 | 00597nam0 2200205 45 | |
| 001 | 0009021779 | |
| 005 | 20000902174346.5 | |
| 010 | @a7-5624-1722-9@d10.00元 | |
| 100 | @a20000902d1999 km y0chiy0120 ea | |
| 101 | 0 | @achi |
| 105 | @a z 000yy | |
| 200 | 1 | @a经济法概论@AJing Ji Fa Gai Lun@f彭启先,柳太平主编@FPeng Qi Xian,Liu Tai Ping Zhu Bian |
| 210 | @a重庆@c重庆大学出版社@d1999.06 | |
| 215 | @a240页@d32开 | |
| 606 | 0 | @a法律@x中国 |
| 690 | @aD922.29-43@v3 | |
| 701 | 0 | @a彭启先@4主编 |
| 701 | 0 | @a柳太平@4主编 |
| 801 | @aCN@bPftUser@c20000902 | |
| 905 | @b116238-242@dD922.29-43@eP896@f5 | |
| 经济法概论/彭启先,柳太平主编.-重庆:重庆大学出版社,1999.06 |
| 240页;32开 |
| ISBN 7-5624-1722-9:10.00元 |
| ● |
| 相关链接 |
|
|
|
正题名:经济法概论
索取号:D922.29-43/P896
 
预约/预借
| 序号 | 登录号 | 条形码 | 馆藏地/架位号 | 状态 | 备注 |
| 1 | 116238 | 201162384 | 社科库509/509社科库 87排5列4层/ [索取号:D922.29-43/P896] | 在馆 | |
| 2 | 116239 | 201162393 | 社科库509/509社科库 87排5列4层/ [索取号:D922.29-43/P896] | 在馆 | |
| 3 | 116240 | 201162400 | 社科库509/509社科库 87排5列4层/ [索取号:D922.29-43/P896] | 在馆 | |
| 4 | 116241 | 201162419 | 社科库509/509社科库 87排5列4层/ [索取号:D922.29-43/P896] | 在馆 | |
| 5 | 116242 | 201162428 | 社科库509/422社科库 40排4列4层/ [索取号:D922.29-43/P896] | 在馆 |